LIBRARY & INFORMATION CENTRE, KCAET, TAVANUR

ONLINE PUBLIC ACCESS CATALOGUE (OPAC)

Virginia Woolf and Lytton Strachey: Letters / (Record no. 11753)

MARC details
000 -LEADER
fixed length control field 00408cam a2200157ua 4500
041 ## - LANGUAGE CODE
Language code of text/sound track or separate title eng
082 ## - DEWEY DECIMAL CLASSIFICATION NUMBER
Classification number 826
Item number WOO/VI
100 ## - MAIN ENTRY--AUTHOR NAME
Personal name Woolf, Leonard .
245 00 - TITLE STATEMENT
Title Virginia Woolf and Lytton Strachey: Letters /
260 ## - PUBLICATION, DISTRIBUTION, ETC. (IMPRINT)
Place of publication London :
Name of publisher Hogarth Press ,
Year of publication 1956.
300 ## - PHYSICAL DESCRIPTION
Number of Pages 118 ; .
700 1# - ADDED ENTRY--PERSONAL NAME
Personal name Strachey, James.
942 ## - ADDED ENTRY ELEMENTS (KOHA)
Koha item type Books
Holdings
Withdrawn status Lost status Damaged status Home library Current library Date acquired Cost, normal purchase price Full call number Accession Number Koha item type Public note
Withdrawn     KAUAET Sanskrit University 07/04/2012 18.00 826 7037 Books Transferred to Sanskrit University
free website counter